[Event "4NCL Division One"]
[Site "Daventry, ENG"]
[Date "2022.10.22"]
[Round "1.68"]
[White "Dias, Savin"]
[Black "Haydon, David L"]
[Result "0-1"]
[WhiteElo "2166"]
[BlackElo "2361"]
[PlyCount "72"]
[EventDate "2022.10.22"]
[WhiteTeam "Wood Green Youth"]
[BlackTeam "Wood Green"]

1. e4 c6 2. d4 d5 3. Nc3 dxe4 4. Nxe4 Bf5 5. Ng3 Bg6 6. Nf3 Nd7 7. h4 h6 8. h5
Bh7 9. Bd3 Bxd3 10. Qxd3 e6 11. Bd2 Ngf6 12. O-O-O Qc7 13. Kb1 O-O-O 14. c4 Bd6
15. Ne4 Nxe4 16. Qxe4 Nf6 17. Qe2 c5 18. Bc3 Rhe8 19. dxc5 Qxc5 20. Nd4 Qe5 21.
Qc2 Ne4 22. c5 Nxc3+ 23. Qxc3 Qxc5 24. Qf3 Qb6 25. Qxf7 Be5 26. Nb3 Bf6 27. f3
Kb8 28. Rc1 a5 29. Rc2 Re7 30. Qg6 a4 31. Nd2 Rc7 32. Rhc1 Rdc8 33. a3 Bxb2 34.
Rxb2 Rxc1+ 35. Ka2 Qd4 36. Qxe6 R1c2 0-1

[Event "4NCL Division One"]
[Site "Milton Keynes, ENG"]
[Date "2023.04.30"]
[Round "10.12"]
[White "Wadsworth, Matthew J"]
[Black "Csonka, Balazs"]
[Result "0-1"]
[WhiteElo "2423"]
[BlackElo "2496"]
[PlyCount "60"]
[EventDate "2023.04.30"]
[WhiteTeam "Wood Green"]
[BlackTeam "Chess.com Manx Liberty"]

1. Nf3 d5 2. g3 Nf6 3. Bg2 c5 4. O-O Nc6 5. d4 e6 6. c4 dxc4 7. Ne5 Bd7 8. Na3
cxd4 9. Naxc4 Be7 10. Bf4 O-O 11. Qb3 Qc8 12. Nxd7 Nxd7 13. Nd6 Bxd6 14. Bxd6
Rd8 15. Rac1 Nb6 16. Be7 Rd7 17. Bc5 Qc7 18. Rfd1 Rad8 19. a4 Qe5 20. Qb5 Nc8
21. Bf3 h6 22. Qb3 N8e7 23. Ba3 d3 24. Bxe7 Nd4 25. Qc4 dxe2 26. Rxd4 e1=Q+ 27.
Rxe1 Qxe1+ 28. Kg2 Rxd4 29. Qc5 b6 30. Qc6 Rd2 0-1

[Event "4NCL Division One"]
[Site "Milton Keynes, ENG"]
[Date "2023.04.30"]
[Round "10.13"]
[White "Erdos, Viktor"]
[Black "Haydon, David L"]
[Result "1-0"]
[WhiteElo "2583"]
[BlackElo "2382"]
[PlyCount "81"]
[EventDate "2023.04.30"]
[WhiteTeam "Chess.com Manx Liberty"]
[BlackTeam "Wood Green"]

1. e4 c6 2. Nf3 d5 3. exd5 cxd5 4. d4 Nc6 5. c3 Qc7 6. g3 Bg4 7. Bf4 Qb6 8.
Nbd2 Nf6 9. Qb3 Bxf3 10. Nxf3 e6 11. Qxb6 axb6 12. Bb5 Nd7 13. O-O Be7 14. Ne5
Ndxe5 15. Bxe5 Bf6 16. Bc7 Bd8 17. Be5 Bf6 18. f4 Bxe5 19. fxe5 O-O 20. Rf2 f6
21. exf6 Rxf6 22. a3 Kf7 23. Raf1 Ne7 24. Bd3 h6 25. Re1 Rxf2 26. Kxf2 Nc6 27.
Ke3 Ke7 28. Rf1 Rf8 29. Rxf8 Kxf8 30. Bb5 Nd8 31. c4 dxc4 32. Bxc4 Ke7 33. Bd3
Nf7 34. Be4 Nd6 35. Bf3 Kf6 36. Kd3 e5 37. a4 Kf5 38. Bd5 exd4 39. Kxd4 Kf6 40.
g4 g6 41. b4 1-0

[Event "4NCL Division One"]
[Site "Milton Keynes, ENG"]
[Date "2023.04.30"]
[Round "10.14"]
[White "McDonald, Neil"]
[Black "Parligras, Mircea-Emilian"]
[Result "1/2-1/2"]
[WhiteElo "2414"]
[BlackElo "2552"]
[PlyCount "86"]
[EventDate "2023.04.30"]
[WhiteTeam "Wood Green"]
[BlackTeam "Chess.com Manx Liberty"]

1. e4 e5 2. Nf3 Nc6 3. Bb5 Nf6 4. O-O Nxe4 5. Re1 Nd6 6. Nxe5 Nxe5 7. Rxe5+ Be7
8. Bf1 O-O 9. d4 Bf6 10. Re1 Re8 11. Bf4 Rxe1 12. Qxe1 Ne8 13. Qe3 d5 14. Nd2
Bf5 15. c3 Nd6 16. Re1 c6 17. h3 h6 18. g4 Bg6 19. Bg2 a5 20. Be5 Be7 21. Bxg7
Bg5 22. f4 Kxg7 23. fxg5 Qxg5 24. Qf2 Re8 25. Rxe8 Nxe8 26. Nf3 Qc1+ 27. Kh2
Qf4+ 28. Qg3 Qf6 29. h4 Nd6 30. g5 hxg5 31. hxg5 Qe7 32. Ne5 Be4 33. Bh3 Bf5
34. Bxf5 Nxf5 35. Qf4 Nd6 36. Kg3 Ne4+ 37. Kh4 f6 38. gxf6+ Qxf6+ 39. Kg4 Qe6+
40. Kf3 Qh3+ 41. Ke2 Qh5+ 42. Qg4+ Qxg4+ 43. Nxg4 Kf7 1/2-1/2

[Event "4NCL Division One"]
[Site "Milton Keynes, ENG"]
[Date "2023.04.30"]
[Round "10.15"]
[White "Cyborowski, Lukasz"]
[Black "Harvey, Marcus R"]
[Result "1/2-1/2"]
[WhiteElo "2500"]
[BlackElo "2462"]
[PlyCount "61"]
[EventDate "2023.04.30"]
[WhiteTeam "Chess.com Manx Liberty"]
[BlackTeam "Wood Green"]

1. c4 b6 2. Nc3 Bb7 3. Nf3 e6 4. g3 Bxf3 5. exf3 Nf6 6. d4 d5 7. cxd5 exd5 8.
g4 c6 9. Be3 Bd6 10. f4 b5 11. g5 Ng8 12. Bd3 Ne7 13. f5 Qd7 14. Qf3 g6 15. f6
Nf5 16. Bxf5 Qxf5 17. Qxf5 gxf5 18. Ke2 Nd7 19. f4 Nb6 20. Kf3 Nc4 21. Rae1 Kd7
22. Bc1 Rae8 23. Rxe8 Rxe8 24. Ne2 Bb4 25. Ng3 Nd6 26. h4 Re1 27. h5 Rxh1 28.
Nxh1 Ne4 29. Nf2 Nxf2 30. Kxf2 Ke6 31. h6 1/2-1/2

[Event "4NCL Division One"]
[Site "Milton Keynes, ENG"]
[Date "2023.04.30"]
[Round "10.16"]
[White "Toma, Katarzyna"]
[Black "Turner, Matthew J"]
[Result "1/2-1/2"]
[WhiteElo "2386"]
[BlackElo "2441"]
[PlyCount "22"]
[EventDate "2023.04.30"]
[WhiteTeam "Wood Green"]
[BlackTeam "Chess.com Manx Liberty"]

1. e4 c6 2. d4 d5 3. Nc3 dxe4 4. Nxe4 Nf6 5. Nxf6+ exf6 6. Nf3 Bd6 7. Be2 O-O
8. O-O Re8 9. Re1 Na6 10. c3 Be6 11. Be3 Qd7 1/2-1/2

[Event "4NCL Division One"]
[Site "Milton Keynes, ENG"]
[Date "2023.04.30"]
[Round "10.17"]
[White "Bobras, Piotr"]
[Black "Fitzsimons, David"]
[Result "1/2-1/2"]
[WhiteElo "2473"]
[BlackElo "2403"]
[PlyCount "81"]
[EventDate "2023.04.30"]
[WhiteTeam "Chess.com Manx Liberty"]
[BlackTeam "Wood Green"]

1. e4 e6 2. d4 d5 3. Nc3 dxe4 4. Nxe4 Nd7 5. Bd3 Ngf6 6. Qe2 c5 7. Nf3 Nxe4 8.
Bxe4 cxd4 9. O-O Nf6 10. Rd1 Nxe4 11. Qxe4 Be7 12. Rxd4 Qa5 13. Bd2 Qf5 14.
Qxf5 exf5 15. Re1 Be6 16. Ng5 Bxg5 17. Bxg5 h6 18. Bf4 O-O 19. c4 Rfd8 20. Red1
Rxd4 21. Rxd4 b5 22. cxb5 Bxa2 23. h4 Be6 24. Ra4 Bd7 25. Ra5 Rc8 26. Rxa7 Bxb5
27. Rb7 Bc6 28. Rb6 f6 29. b4 g5 30. Be3 f4 31. Bd4 g4 32. Kh2 h5 33. b5 Be8
34. Rxf6 Bxb5 35. Rxf4 Rf8 36. Re4 Re8 37. Rf4 Rf8 38. Re4 Re8 39. Be5 Kh7 40.
Re3 Kg6 41. Bd4 1/2-1/2

[Event "4NCL Division One"]
[Site "Milton Keynes, ENG"]
[Date "2023.04.30"]
[Round "10.18"]
[White "Greet, Andrew N"]
[Black "Terbe, Julianna"]
[Result "1-0"]
[WhiteElo "2408"]
[BlackElo "2252"]
[PlyCount "99"]
[EventDate "2023.04.30"]
[WhiteTeam "Wood Green"]
[BlackTeam "Chess.com Manx Liberty"]

1. c4 c6 2. Nf3 d5 3. g3 Nf6 4. Bg2 dxc4 5. O-O Nbd7 6. Na3 Nb6 7. Qc2 g6 8.
Nxc4 Nxc4 9. Qxc4 Bg7 10. Re1 O-O 11. d4 Be6 12. Qc2 Bg4 13. e3 Nd5 14. Bd2 Qb6
15. a3 a5 16. h3 Bxf3 17. Bxf3 e5 18. dxe5 Bxe5 19. Rab1 Rfd8 20. Bg2 a4 21.
Kh2 Nc7 22. Red1 Ne6 23. Bb4 Rxd1 24. Rxd1 Rd8 25. Rxd8+ Qxd8 26. f4 Bg7 27. h4
c5 28. Bc3 Bxc3 29. Qxc3 b5 30. Bf3 Qd6 31. Be2 c4 32. h5 gxh5 33. Bxh5 Nc5 34.
Bf3 Qd3 35. Qe5 Qd2+ 36. Kh3 Nd3 37. Qg5+ Kf8 38. Qd8+ Kg7 39. Qg5+ Kf8 40. f5
Ne5 41. Be4 Ke8 42. f6 Qxb2 43. Qg8+ Kd7 44. Bf5+ Kd6 45. Qd8+ Kc5 46. Be4 b4
47. Qa5+ Kd6 48. Qb6+ Nc6 49. Qxc6+ Ke5 50. Qe8+ 1-0

[Event "4NCL Division One"]
[Site "Milton Keynes, ENG"]
[Date "2023.04.30"]
[Round "10.21"]
[White "Arkell, Keith C"]
[Black "Christiansen, Johan-Sebastian"]
[Result "1/2-1/2"]
[WhiteElo "2494"]
[BlackElo "2579"]
[PlyCount "139"]
[EventDate "2023.04.30"]
[WhiteTeam "Cheddleton"]
[BlackTeam "Chessable White Rose 1"]

1. d4 Nf6 2. Nf3 d5 3. c4 e6 4. cxd5 exd5 5. Nc3 c6 6. Qc2 Be7 7. Bg5 h6 8. Bh4
O-O 9. e3 Ne4 10. Bxe7 Qxe7 11. Bd3 Re8 12. O-O Bf5 13. Nd2 Nd7 14. Rfe1 Bh7
15. f3 Ng5 16. Bxh7+ Nxh7 17. b4 Ng5 18. b5 Rac8 19. bxc6 Rxc6 20. Qb3 Nb6 21.
f4 Rec8 22. Nxd5 Nxd5 23. Qxd5 Rc2 24. Rad1 Nh7 25. Ne4 Rd8 26. Qe5 Qa3 27. Kh1
Nf8 28. f5 Qxa2 29. Qg3 Qa6 30. d5 Nh7 31. h3 f6 32. Rc1 Qc4 33. Nd6 Qc7 34.
Rxc2 Qxc2 35. Nxb7 Rxd5 36. Qb8+ Nf8 37. Qxa7 Rxf5 38. Nd6 Rg5 39. Rg1 Qb3 40.
Ra1 Qe6 41. Qa2 Rd5 42. Nc4 Rc5 43. Rc1 Ng6 44. Rc2 Kh7 45. Nd2 Qxe3 46. Rxc5
Qxc5 47. Qb1 f5 48. Nf3 Qd5 49. Qc2 Nf4 50. Kh2 Ne6 51. Qe2 Nc5 52. Qe5 Qxe5+
53. Nxe5 Ne4 54. h4 g6 55. g3 Kg7 56. Kg2 Kf6 57. Nd3 Nd2 58. Kf2 Nc4 59. Nf4
Ne5 60. Ke3 Ke7 61. Ne2 Kd6 62. Nd4 Ke7 63. h5 Kf6 64. hxg6 Nxg6 65. Nf3 Ne5
66. Nxe5 Kxe5 67. Kf3 h5 68. Ke3 Kf6 69. Kf2 Kg5 70. Kf3 1/2-1/2

[Event "4NCL Division One"]
[Site "Milton Keynes, ENG"]
[Date "2023.04.30"]
[Round "10.22"]
[White "Alsina Leal, Daniel"]
[Black "Williams, Simon K"]
[Result "0-1"]
[WhiteElo "2520"]
[BlackElo "2465"]
[PlyCount "148"]
[EventDate "2023.04.30"]
[WhiteTeam "Chessable White Rose 1"]
[BlackTeam "Cheddleton"]

1. e4 e6 2. d4 d5 3. e5 c5 4. c3 Ne7 5. Nf3 Nec6 6. Bd3 Nd7 7. O-O Be7 8. Re1
a6 9. Be3 b5 10. Nbd2 cxd4 11. cxd4 Nb6 12. b3 Bb7 13. Nf1 h5 14. h4 Bxh4 15.
Nxh4 Qxh4 16. Rc1 Qe7 17. Nd2 g5 18. a4 b4 19. Nf3 Rg8 20. Qd2 g4 21. Bg5 Qf8
22. Nh4 Rc8 23. Bh7 Rh8 24. Bh6 Qe7 25. Bg5 Qf8 26. Nf5 exf5 27. Bxf5 Rg8 28.
e6 f6 29. e7 Qf7 30. Bf4 h4 31. Be6 Qg6 32. Bxc8 Nxc8 33. Re6 Kf7 34. Rexc6
Bxc6 35. Rxc6 Nxe7 36. Rc7 Qb1+ 37. Rc1 Qf5 38. Bd6 g3 39. Bxe7 Qxf2+ 40. Qxf2
gxf2+ 41. Kxf2 Kxe7 42. Rc7+ Ke6 43. Rc6+ Kf5 44. Rxa6 Rg3 45. Rd6 Ke4 46. Re6+
Kxd4 47. Rxf6 Rxb3 48. Rf4+ Kc5 49. Rxh4 Ra3 50. Rh8 Rxa4 51. Rb8 Kc4 52. g4 d4
53. g5 Ra5 54. g6 Rg5 55. Rc8+ Kd3 56. Rc6 b3 57. Rb6 Kc2 58. Rc6+ Kd2 59. Rb6
d3 60. Kf3 Kc2 61. Kf4 Rg1 62. Rc6+ Kd1 63. Ke3 b2 64. Rb6 Rg3+ 65. Kf2 Rxg6
66. Rxb2 Re6 67. Rb1+ Kc2 68. Rb8 d2 69. Rc8+ Kd1 70. Rc5 Rf6+ 71. Kg2 Ke2 72.
Re5+ Kd3 73. Rd5+ Ke3 74. Rd8 Rf4 0-1

[Event "4NCL Division One"]
[Site "Milton Keynes, ENG"]
[Date "2023.04.30"]
[Round "10.23"]
[White "Pert, Nicholas"]
[Black "Rowson, Jonathan"]
[Result "1/2-1/2"]
[WhiteElo "2537"]
[BlackElo "2537"]
[PlyCount "42"]
[EventDate "2023.04.30"]
[WhiteTeam "Cheddleton"]
[BlackTeam "Chessable White Rose 1"]

1. d4 Nf6 2. Nf3 e6 3. c4 b6 4. a3 Ba6 5. Qc2 Bb7 6. Nc3 c5 7. dxc5 Bxc5 8. Bf4
O-O 9. Rd1 Nc6 10. b4 Be7 11. e4 Rc8 12. Be2 a5 13. b5 Nb8 14. e5 Ne8 15. Ne4
Bxe4 16. Qxe4 Bxa3 17. O-O Bc5 18. Bg5 f6 19. exf6 Nxf6 20. Qh4 Qe8 21. Ne5 d6
1/2-1/2

[Event "4NCL Division One"]
[Site "Milton Keynes, ENG"]
[Date "2023.04.30"]
[Round "10.24"]
[White "Camacho Collados, Jose"]
[Black "Kirk, Ezra"]
[Result "1-0"]
[WhiteElo "2518"]
[BlackElo "2439"]
[PlyCount "69"]
[EventDate "2023.04.30"]
[WhiteTeam "Chessable White Rose 1"]
[BlackTeam "Cheddleton"]

1. Nf3 f5 2. d3 Nc6 3. d4 e6 4. g3 Nf6 5. Bg2 Be7 6. O-O d6 7. c4 e5 8. d5 Nb8
9. Nc3 O-O 10. Ng5 c6 11. dxc6 bxc6 12. Qa4 h6 13. Nf3 Ne4 14. Rd1 Nxc3 15.
bxc3 e4 16. Ne1 Be6 17. Bf4 c5 18. f3 g5 19. Bc1 exf3 20. Bxf3 Nd7 21. Bxa8
Qxa8 22. Rb1 f4 23. gxf4 gxf4 24. Nf3 Kh8 25. Kf2 Nf6 26. Rg1 Ne4+ 27. Ke1 Bf6
28. Rb3 Nxc3 29. Qa3 Nxe2 30. Kxe2 Qe4+ 31. Kd1 Bf5 32. Qb2 Qxc4 33. Rb8 Qa4+
34. Ke1 Re8+ 35. Kf2 1-0

[Event "4NCL Division One"]
[Site "Milton Keynes, ENG"]
[Date "2023.04.30"]
[Round "10.25"]
[White "Pert, Richard G"]
[Black "Adair, James R"]
[Result "1-0"]
[WhiteElo "2487"]
[BlackElo "2442"]
[PlyCount "65"]
[EventDate "2023.04.30"]
[WhiteTeam "Cheddleton"]
[BlackTeam "Chessable White Rose 1"]

1. d4 d5 2. Nf3 Nf6 3. Bf4 c5 4. e3 e6 5. Nbd2 Bd6 6. dxc5 Bxc5 7. Bd3 Nbd7 8.
O-O Be7 9. c4 Nh5 10. Be5 Nxe5 11. Nxe5 g6 12. Qa4+ Kf8 13. Rad1 Bf6 14. f4 Qb6
15. Ng4 Qxb2 16. Nf3 Qb6 17. Nfe5 Kg7 18. Rb1 Qd6 19. Rfc1 Bd8 20. c5 Qc7 21.
c6 b6 22. Nd7 f6 23. Nxb6 axb6 24. Qxa8 e5 25. Rxb6 e4 26. Ba6 Qxb6 27. Qxc8
Bc7 28. Qd7+ Kf8 29. Rc3 Rg8 30. Rb3 Qa5 31. Rb7 Rg7 32. Qc8+ Bd8 33. c7 1-0

[Event "4NCL Division One"]
[Site "Milton Keynes, ENG"]
[Date "2023.04.30"]
[Round "10.26"]
[White "Wells, Peter K"]
[Black "Eggleston, David J"]
[Result "1/2-1/2"]
[WhiteElo "2386"]
[BlackElo "2423"]
[PlyCount "36"]
[EventDate "2023.04.30"]
[WhiteTeam "Chessable White Rose 1"]
[BlackTeam "Cheddleton"]

1. Nf3 Nf6 2. c4 e6 3. g3 d5 4. Bg2 Be7 5. O-O O-O 6. d4 dxc4 7. Qc2 a6 8. a4
Bd7 9. Bg5 Bc6 10. Rd1 b5 11. Bxf6 Bxf6 12. Nc3 b4 13. Ne4 Bxe4 14. Qxe4 Ra7
15. Ne5 c5 16. dxc5 Qc7 17. Nxc4 Qxc5 18. Rac1 Rc7 1/2-1/2

[Event "4NCL Division One"]
[Site "Milton Keynes, ENG"]
[Date "2023.04.30"]
[Round "10.27"]
[White "Nilssen, Ellen Fredericia"]
[Black "Emms, John M"]
[Result "1/2-1/2"]
[WhiteElo "2126"]
[BlackElo "2468"]
[PlyCount "139"]
[EventDate "2023.04.30"]
[WhiteTeam "Cheddleton"]
[BlackTeam "Chessable White Rose 1"]

1. d4 Nf6 2. c4 e6 3. Nc3 Bb4 4. e3 O-O 5. Bd2 d5 6. Nf3 Nbd7 7. Rc1 Be7 8. Bd3
dxc4 9. Bxc4 a6 10. a3 b5 11. Ba2 c5 12. O-O Bb7 13. Qe2 Rc8 14. Rfd1 Qb6 15.
dxc5 Nxc5 16. Be1 Rfd8 17. Nd4 g6 18. b4 Nce4 19. Nxe4 Bxe4 20. Nb3 Qb7 21. Na5
Rxd1 22. Qxd1 Qa8 23. f3 Bd5 24. Bb3 Bd8 25. Rxc8 Qxc8 26. Qc2 Qd7 27. Bc3 Bxa5
28. Bxf6 Bb6 29. Qd3 Qc6 30. Bxd5 Qxd5 31. Qc3 Qc4 32. Kf2 Qxc3 33. Bxc3 f5 34.
Ke2 Kf7 35. Be5 Ke7 36. Kd3 Kd7 37. h3 Kc6 38. e4 a5 39. Bc3 axb4 40. axb4 Bf2
41. Bd4 Bg3 42. Bc3 Kd6 43. Ke3 h5 44. Kd3 Bf4 45. Bd4 Kc6 46. Bc3 Bg5 47. Kd4
Bf6+ 48. Kd3 Bd8 49. Bd4 Be7 50. Bc3 Bf8 51. Bd2 Bg7 52. Bc3 fxe4+ 53. fxe4 Bh6
54. Bd2 Bg7 55. Bc3 Bf8 56. Be1 Bd6 57. Bc3 Bg3 58. Bd4 g5 59. Be3 g4 60. hxg4
hxg4 61. Bd4 Bf4 62. Be3 Bd6 63. Bd2 Be5 64. Bc3 Bg3 65. Bd4 Kd6 66. Bc5+ Kd7
67. Be3 Bd6 68. Bd2 Kc6 69. Bc3 Bg3 70. Bd4 1/2-1/2

[Event "4NCL Division One"]
[Site "Milton Keynes, ENG"]
[Date "2023.04.30"]
[Round "10.28"]
[White "Sucikova, Svetlana"]
[Black "Boswell, Jacob Connor"]
[Result "1/2-1/2"]
[WhiteElo "2249"]
[BlackElo "2119"]
[PlyCount "70"]
[EventDate "2023.04.30"]
[WhiteTeam "Chessable White Rose 1"]
[BlackTeam "Cheddleton"]

1. Nf3 d5 2. g3 Nf6 3. Bg2 e6 4. d4 b5 5. Ne5 Be7 6. O-O O-O 7. a4 b4 8. c4
bxc3 9. bxc3 c5 10. c4 cxd4 11. Ba3 Bxa3 12. Nxa3 Nbd7 13. Nc6 Qb6 14. cxd5
Nxd5 15. Ne7+ Kh8 16. Nxd5 exd5 17. Nb5 Nf6 18. Qxd4 Qxd4 19. Nxd4 Ba6 20. Rfd1
Rab8 21. Nb5 Bxb5 22. axb5 Rxb5 23. Rxa7 g6 24. Ra4 Rc8 25. Rad4 Rc2 26. Bf3
Kg7 27. g4 Rbb2 28. Kf1 g5 29. h4 h6 30. hxg5 hxg5 31. Ra4 Rc4 32. Ra5 Nxg4 33.
Bxg4 Rxg4 34. Raxd5 Kg6 35. R5d4 Rxd4 1/2-1/2

[Event "4NCL Division One"]
[Site "Milton Keynes, ENG"]
[Date "2023.04.30"]
[Round "10.31"]
[White "Kilpatrick, Callum"]
[Black "Ghasi, Ameet K"]
[Result "0-1"]
[WhiteElo "2413"]
[BlackElo "2479"]
[PlyCount "86"]
[EventDate "2023.04.30"]
[WhiteTeam "Celtic Tigers 1"]
[BlackTeam "The Sharks 1"]

1. e4 c6 2. d4 d5 3. e5 c5 4. dxc5 e6 5. a3 Bxc5 6. Qg4 Ne7 7. Bd3 O-O 8. b4
Bb6 9. Nf3 f5 10. exf6 Rxf6 11. Bg5 e5 12. Qh4 e4 13. Bxf6 gxf6 14. Qxf6 exd3
15. cxd3 Ng6 16. Qxd8+ Bxd8 17. Nc3 Bf6 18. Rc1 Be6 19. Nb5 Na6 20. Nbd4 Bg4
21. b5 Nb8 22. h3 Bd7 23. Kd2 Bd8 24. g3 Bb6 25. a4 a6 26. Ra1 Bc5 27. h4 h5
28. Rhc1 b6 29. Ke2 Bg4 30. Kf1 a5 31. Kg2 Nd7 32. Nb3 Bxf3+ 33. Kxf3 Rf8+ 34.
Kg2 Rxf2+ 35. Kh1 Nge5 36. Rf1 Nxd3 37. Rxf2 Nxf2+ 38. Kg2 Ne4 39. Nxc5 Ndxc5
40. Rf1 Nxa4 41. Rf5 Nac3 42. Rxh5 d4 43. Kf3 d3 0-1

[Event "4NCL Division One"]
[Site "Milton Keynes, ENG"]
[Date "2023.04.30"]
[Round "10.32"]
[White "Roberson, Peter T"]
[Black "Reimanis, Ritvars"]
[Result "1/2-1/2"]
[WhiteElo "2430"]
[BlackElo "2478"]
[PlyCount "47"]
[EventDate "2023.04.30"]
[WhiteTeam "The Sharks 1"]
[BlackTeam "Celtic Tigers 1"]

1. e4 e5 2. Nf3 Nc6 3. Bb5 Nf6 4. O-O Nxe4 5. Re1 Nd6 6. Nxe5 Be7 7. Bf1 Nxe5
8. Rxe5 O-O 9. Nc3 Bf6 10. Re1 c6 11. d4 Re8 12. Bf4 Rxe1 13. Qxe1 Ne8 14. d5
d6 15. Rd1 Bf5 16. Ne4 Bxb2 17. Qb4 Qb6 18. Qxb6 axb6 19. Nxd6 Nxd6 20. dxc6
bxc6 21. Rxd6 h6 22. Rxc6 Rxa2 23. Rxb6 Bxc2 24. Ra6 1/2-1/2

[Event "4NCL Division One"]
[Site "Milton Keynes, ENG"]
[Date "2023.04.30"]
[Round "10.33"]
[White "Gallana, Marco"]
[Black "Rendle, Thomas E"]
[Result "0-1"]
[WhiteElo "2296"]
[BlackElo "2375"]
[PlyCount "68"]
[EventDate "2023.04.30"]
[WhiteTeam "Celtic Tigers 1"]
[BlackTeam "The Sharks 1"]

1. c4 c6 2. g3 Nf6 3. Bg2 d5 4. Nf3 dxc4 5. O-O Nbd7 6. Qc2 Nb6 7. Na3 g6 8.
Nxc4 Nxc4 9. Qxc4 Bg7 10. Re1 O-O 11. d4 Bf5 12. Ne5 Nd7 13. e4 Be6 14. Qb4
Nxe5 15. dxe5 Bxe5 16. Bh6 Re8 17. Qxb7 Qb6 18. Qxb6 axb6 19. a4 Bxb2 20. Rab1
Bd4 21. e5 Rec8 22. Rbc1 Rxa4 23. Rxc6 Rxc6 24. Bxc6 Ra2 25. Rd1 Bh3 26. Bb5
Bxf2+ 27. Kh1 Bg2+ 28. Kxg2 Be3+ 29. Kh3 Bxh6 30. e6 f5 31. Rd7 Kf8 32. Bd3 Be3
33. g4 Bf4 34. gxf5 h5 0-1

[Event "4NCL Division One"]
[Site "Milton Keynes, ENG"]
[Date "2023.04.30"]
[Round "10.34"]
[White "Grieve, Harry"]
[Black "Pein, Jonathan"]
[Result "1-0"]
[WhiteElo "2439"]
[BlackElo "2301"]
[PlyCount "131"]
[EventDate "2023.04.30"]
[WhiteTeam "The Sharks 1"]
[BlackTeam "Celtic Tigers 1"]

1. e4 e6 2. d4 d5 3. Nc3 Nf6 4. e5 Nfd7 5. f4 c5 6. Nf3 Nc6 7. Be3 cxd4 8. Nxd4
Qb6 9. Qd2 Qxb2 10. Rb1 Qa3 11. Bb5 Ndb8 12. O-O Bb4 13. Rb3 Qa5 14. a3 Bxc3
15. Rxc3 O-O 16. f5 exf5 17. Bh6 Nxd4 18. Qxd4 Qb6 19. Qxb6 axb6 20. Rg3 g6 21.
Bxf8 Kxf8 22. Rd1 Nc6 23. Rxd5 Be6 24. Rd6 Nxe5 25. Rc3 Ng4 26. Rxb6 Rd8 27.
Rd3 Rc8 28. c4 Ne5 29. Rc3 Bd5 30. a4 Be4 31. c5 h5 32. a5 Ke7 33. c6 bxc6 34.
a6 Rd8 35. Be2 Kd6 36. Ra3 Ra8 37. Kf2 Nd7 38. Rb2 f4 39. Bf3 f5 40. Rb4 Nc5
41. Be2 g5 42. a7 Kc7 43. Rc4 Nd7 44. Bxh5 Nb6 45. Rc5 Kd6 46. Rc1 Nc8 47. Rca1
Kc7 48. Be2 Kb6 49. Rb3+ Kc7 50. Rh3 Nd6 51. Rh7+ Kb6 52. Rg7 Bd5 53. Rb1+ Nb5
54. Rb2 g4 55. h4 gxh3 56. gxh3 Kc5 57. Bf3 Bxf3 58. Kxf3 Nd4+ 59. Kf2 Nb5 60.
h4 Kd5 61. h5 Ke5 62. h6 Kf6 63. Rxb5 cxb5 64. Rb7 b4 65. h7 b3 66. Rb8 1-0

[Event "4NCL Division One"]
[Site "Milton Keynes, ENG"]
[Date "2023.04.30"]
[Round "10.35"]
[White "Hoffmann, Hendrik"]
[Black "Moreby, James"]
[Result "1-0"]
[WhiteElo "2266"]
[BlackElo "2447"]
[PlyCount "83"]
[EventDate "2023.04.30"]
[WhiteTeam "Celtic Tigers 1"]
[BlackTeam "The Sharks 1"]

1. e4 c5 2. c3 e6 3. d4 d5 4. exd5 Qxd5 5. Nf3 Nf6 6. Be3 Nc6 7. c4 Qd8 8. Nc3
cxd4 9. Nxd4 Nxd4 10. Bxd4 Bd7 11. Be2 Bc6 12. O-O Qa5 13. Qc1 Bd6 14. Nb5 Bxb5
15. cxb5 e5 16. Qe3 O-O 17. Bc3 Qc7 18. Rfd1 Rfe8 19. Rac1 Qe7 20. Bf3 Bc5 21.
Qe2 Rac8 22. b4 Bb6 23. a4 h6 24. a5 Rxc3 25. Rxc3 Qxb4 26. axb6 Qxc3 27. bxa7
e4 28. Qa2 Ra8 29. Be2 Qc5 30. Ra1 e3 31. Bf3 exf2+ 32. Qxf2 Qxb5 33. h3 Nd7
34. Qd4 Nc5 35. Qd6 Nd7 36. Qc7 Qb2 37. Rd1 Qb6+ 38. Qxb6 Nxb6 39. Rb1 Rxa7 40.
Rxb6 g6 41. Bd5 Kg7 42. Rxb7 1-0

[Event "4NCL Division One"]
[Site "Milton Keynes, ENG"]
[Date "2023.04.30"]
[Round "10.36"]
[White "Varnam, Liam D"]
[Black "Pein, Malcolm"]
[Result "0-1"]
[WhiteElo "2121"]
[BlackElo "2305"]
[PlyCount "120"]
[EventDate "2023.04.30"]
[WhiteTeam "The Sharks 1"]
[BlackTeam "Celtic Tigers 1"]

1. e4 d6 2. d4 Nf6 3. Nc3 c6 4. f4 Qa5 5. Bd3 e5 6. Nf3 Nbd7 7. O-O Be7 8. Kh1
O-O 9. a4 Re8 10. Bd2 Qc7 11. Ne2 exd4 12. Nexd4 Bf8 13. Re1 Nc5 14. e5 Nxd3
15. cxd3 Ng4 16. Qe2 Bd7 17. h3 Nh6 18. Qf2 dxe5 19. fxe5 Nf5 20. Nxf5 Bxf5 21.
d4 Rad8 22. Ng5 Bg6 23. a5 a6 24. Rac1 Qd7 25. Bc3 Qd5 26. Qf3 c5 27. dxc5 Bxc5
28. Ne4 Bxe4 29. Qxe4 Qxe4 30. Rxe4 Ba7 31. g3 Bb8 32. Kg2 f5 33. Re2 Kf7 34.
Rce1 Ke6 35. Rd2 Rxd2+ 36. Bxd2 Rd8 37. Bc3 Rd5 38. Kf3 Bxe5 39. g4 g6 40.
gxf5+ Kxf5 41. Re3 Bxc3 42. bxc3 Re5 43. Rd3 Ke6 44. c4 Rxa5 45. Rb3 b5 46.
cxb5 Rxb5 47. Re3+ Re5 48. Rb3 Rb5 49. Re3+ Kd6 50. Re8 a5 51. Ra8 Kc6 52. Ra7
Rh5 53. Kg4 Kb6 54. Ra8 Kb7 55. Re8 a4 56. Re4 Ra5 57. Re7+ Kc6 58. Rxh7 a3 59.
Rg7 a2 60. Rxg6+ Kb5 0-1

[Event "4NCL Division One"]
[Site "Milton Keynes, ENG"]
[Date "2023.04.30"]
[Round "10.37"]
[White "Zulfic, Fedja"]
[Black "Kueh, Audrey"]
[Result "1-0"]
[WhiteElo "2214"]
[BlackElo "2143"]
[PlyCount "53"]
[EventDate "2023.04.30"]
[WhiteTeam "Celtic Tigers 1"]
[BlackTeam "The Sharks 1"]

1. d4 d5 2. c4 c6 3. Nc3 Nf6 4. Nf3 e6 5. e3 Nbd7 6. Qc2 Bd6 7. Bd3 dxc4 8.
Bxc4 b5 9. Bd3 Bb7 10. Bd2 Rc8 11. Ng5 Nd5 12. Nge4 Be7 13. a3 a5 14. Qb3 Qb6
15. Nxd5 exd5 16. Ng3 a4 17. Qd1 c5 18. Nf5 Bf6 19. Bxb5 Qe6 20. Qf3 cxd4 21.
O-O dxe3 22. Bb4 Be5 23. fxe3 Bc6 24. Rac1 Rc7 25. Nd4 Bxd4 26. exd4 Nf6 27.
Rxc6 1-0

[Event "4NCL Division One"]
[Site "Milton Keynes, ENG"]
[Date "2023.04.30"]
[Round "10.38"]
[White "Murphy, Hugh W"]
[Black "Serbanescu, Diana-Maria"]
[Result "1/2-1/2"]
[WhiteElo "2138"]
[BlackElo "2057"]
[PlyCount "76"]
[EventDate "2023.04.30"]
[WhiteTeam "The Sharks 1"]
[BlackTeam "Celtic Tigers 1"]

1. d4 Nf6 2. Nf3 d6 3. Bg5 Nbd7 4. Nbd2 h6 5. Bh4 e6 6. e4 Be7 7. Bd3 O-O 8.
Qe2 e5 9. dxe5 Nxe5 10. Nxe5 dxe5 11. Nc4 Nd7 12. Bg3 Bf6 13. O-O-O c6 14. Kb1
Qc7 15. Ne3 Nc5 16. Ng4 Bxg4 17. Qxg4 Rad8 18. Qe2 Rd7 19. c3 Nxd3 20. Rxd3
Rxd3 21. Qxd3 Rd8 22. Qe2 Qd6 23. Kc2 g6 24. Rd1 Qxd1+ 25. Qxd1 Rxd1 26. Kxd1
Kf8 27. Kc2 Ke7 28. f3 h5 29. a4 Kd6 30. Kd3 Bg5 31. Bf2 a6 32. Bb6 Kd7 33. b3
Be7 34. Kc4 Bg5 35. b4 Be7 36. b5 axb5+ 37. axb5 Bg5 38. Bf2 Be7 1/2-1/2